ბათუმის შოთა რუსთაველის სახელმწიფო უნივერსიტეტის ბიბლიოთეკა

გადასახადები #17. 2018 (ბიბ.ჩანაწერი № 56357)

000 -LEADER
fixed length control field 00482nam a2200181Ia 4500
001 - CONTROL NUMBER
control field 23470
003 - CONTROL NUMBER IDENTIFIER
control field GE_BSU
008 - FIXED-LENGTH DATA ELEMENTS--GENERAL INFORMATION
fixed length control field 181216s||||||||xx |||||||||||||| ||und||
040 ## - CATALOGING SOURCE
Transcribing agency GE_BSU
245 ## - TITLE STATEMENT
Title გადასახადები #17. 2018
260 ## - PUBLICATION, DISTRIBUTION, ETC.
Place of publication, distribution, etc. თბილისი
260 ## - PUBLICATION, DISTRIBUTION, ETC.
Date of publication, distribution, etc. 2018
300 ## - PHYSICAL DESCRIPTION
Other physical details cd
653 ## - INDEX TERM--UNCONTROLLED
Uncontrolled term cd
653 ## - INDEX TERM--UNCONTROLLED
Uncontrolled term გადასახადები #17. 2018
653 ## - INDEX TERM--UNCONTROLLED
Uncontrolled term ელექტრონული ჟურნალი
942 ## - ADDED ENTRY ELEMENTS (KOHA)
Koha item type კომპიუტერის ფაილები
ეგზემპლარები
Withdrawn status Lost status Damaged status Not for loan Date acquired Barcode Date last seen Price effective from Koha item type Public note
        2018-12-17 p79664 2018-12-17 2018-12-17 კომპიუტერის ფაილები პერიოდიკა
        2018-12-17 p79663 2018-12-17 2018-12-17 კომპიუტერის ფაილები პერიოდიკა